La liberté religieuse et l'acte final d'Helsinki

Saved in:  
Bibliographic Details
Main Author: Joblin, Joseph 1920-2018 (Author)
Format: Print Article
Language:French
Check availability: HBZ Gateway
Interlibrary Loan:Interlibrary Loan for the Fachinformationsdienste (Specialized Information Services in Germany)
Published: 1992
In: Apollinaris
Year: 1992, Volume: 65, Issue: 1/4, Pages: 351-374
RelBib Classification:SA Church law; state-church law
SB Catholic Church law
XA Law
Further subjects:B International law
B Religious freedom

MARC

LEADER 00000caa a22000002c 4500
001 1639997814
003 DE-627
005 20230531204307.0
007 tu
008 160405s1992 xx ||||| 00| ||fre c
035 |a (DE-627)1639997814 
035 |a (DE-576)464924936 
035 |a (DE-599)BSZ464924936 
040 |a DE-627  |b ger  |c DE-627  |e rakwb 
041 |a fre 
084 |a 1  |2 ssgn 
100 1 |0 (DE-588)1013993888  |0 (DE-627)665285973  |0 (DE-576)34811947X  |4 aut  |a Joblin, Joseph  |d 1920-2018 
109 |a Joblin, Joseph 1920-2018  |a Joblin, Joseph Marie 1920-2018 
245 1 3 |a La liberté religieuse et l'acte final d'Helsinki 
264 1 |c 1992 
336 |a Text  |b txt  |2 rdacontent 
337 |a ohne Hilfsmittel zu benutzen  |b n  |2 rdamedia 
338 |a Band  |b nc  |2 rdacarrier 
650 0 7 |0 (DE-588)4125186-6  |0 (DE-627)105742090  |0 (DE-576)209574488  |a Religionsfreiheit  |2 gnd 
650 0 7 |0 (DE-588)4063693-8  |0 (DE-627)106126946  |0 (DE-576)209149892  |a Völkerrecht  |2 gnd 
652 |a SA:SB:XA 
773 0 8 |i In  |t Apollinaris  |d Città del Vaticano : Liberia Editrice Vaticana, 1928  |g 65(1992), 1/4, Seite 351-374  |w (DE-627)129515663  |w (DE-600)211241-3  |w (DE-576)014926180  |x 0392-2359  |7 nnas 
773 1 8 |g volume:65  |g year:1992  |g number:1/4  |g pages:351-374 
889 |w (DE-576)519566335 
889 |w (DE-627)1589566335 
935 |a mteo  |a DAKR  |a KALD 
951 |a AR 
CAN |a 1 
ELC |b 1 
ITA |a 1  |t 1 
LOK |0 000 xxxxxcx a22 zn 4500 
LOK |0 001 330121682X 
LOK |0 003 DE-627 
LOK |0 004 1639997814 
LOK |0 005 20160405121731 
LOK |0 008 160404||||||||||||||||ger||||||| 
LOK |0 040   |a DE-Tue135  |c DE-627  |d DE-Tue135 
LOK |0 092   |o n 
LOK |0 852   |a DE-Tue135 
LOK |0 852 1  |9 00 
LOK |0 935   |a ixzs  |a ixmi 
LOK |0 939   |a 04-04-16  |b l01 
LOK |0 000 xxxxxcx a22 zn 4500 
LOK |0 001 3955535738 
LOK |0 003 DE-627 
LOK |0 004 1639997814 
LOK |0 005 20210719132122 
LOK |0 008 210719||||||||||||||||ger||||||| 
LOK |0 035   |a (DE-Tue135-3)DAKAR1_13328 
LOK |0 040   |a DE-Tue135-3  |c DE-627  |d DE-Tue135-3 
LOK |0 092   |o n 
LOK |0 852   |a DE-Tue135-3 
LOK |0 852 1  |c MS KR-R-8  |9 00 
LOK |0 935   |a msmi 
LOK |0 936ln  |0 1442053313  |a SB 
LOK |0 939   |a 19-07-21  |b l01 
LOK |0 000 xxxxxcx a22 zn 4500 
LOK |0 001 3059579520 
LOK |0 003 DE-627 
LOK |0 004 1639997814 
LOK |0 005 20230531204307 
LOK |0 008 190311||||||||||||||||ger||||||| 
LOK |0 035   |a (DE-Tue135-1)181220 
LOK |0 040   |a DE-Tue135-1  |c DE-627  |d DE-Tue135-1 
LOK |0 852   |a DE-Tue135-1 
LOK |0 852 1  |c FTHKR097803/65/JNJ  |m p  |9 00 
LOK |0 852 2  |b Z 5/25  |9 00 
LOK |0 935   |a iZSA 
LOK |0 936ln  |0 1442053798  |a XA 
LOK |0 936ln  |0 1442053283  |a SA 
LOK |0 938   |k p 
LOK |0 939   |a 11-03-19  |b l01 
ORI |a SA-MARC-ixtheoa001.raw 
REL |a 1 
STA 0 0 |a International law,Law of nations,Religious freedom,Freedom of religion,Religious liberty 
STB 0 0 |a Droit international,Liberté religieuse 
STC 0 0 |a Derecho internacional,Libertad de religión 
STD 0 0 |a Diritto internazionale,Libertà di religione 
STE 0 0 |a 国际法,宗教自由,信教自由 
STF 0 0 |a 國際法,宗教自由,信教自由 
STG 0 0 |a Direito internacional,Liberdade de religião 
STH 0 0 |a Международное право,Свобода вероисповедания 
STI 0 0 |a Διεθνές δίκαιο,Θρησκευτική ελευθερία 
SUB |a CAN  |a REL 
SYE 0 0 |a Religiöse Freiheit